| 000 | 00397nam a2200133 a 4500 | ||
|---|---|---|---|
| 005 | 20141022141959.0 | ||
| 008 | 120306s19uu xx 00 eng d | ||
| 050 |
_aCD-ROM _bM31 2006 |
||
| 100 | _aMano, Morris M. | ||
| 245 |
_aFundamentals of logic and computer design : _b3E (xilin student edition) / _cMorris Mano, Charles Kime. |
||
| 260 | _c2006. | ||
| 700 | _aKime, Charles R. | ||
| 942 | _cAVM | ||
| 999 |
_c276113 _d276113 |
||